[Event "Tashkent FIDE GP"]
[Site "Tashkent"]
[Date "2014.10.23"]
[Round "3"]
[White "Nakamura, Hikaru"]
[Black "Giri, Anish"]
[Result "1/2-1/2"]
[WhiteElo "2764"]
[BlackElo "2768"]
[PlyCount "157"]
[EventDate "2014.10.21"]
[EventType "tourn"]
[EventRounds "11"]
[EventCountry "UZB"]
[EventCategory "21"]
[SourceTitle "CBM 163"]
[Source "ChessBase"]
[SourceDate "2014.11.11"]
[SourceVersion "1"]
[SourceVersionDate "2014.11.11"]
[SourceQuality "1"]

1. d4 {Marin,Mihail} Nf6 2. c4 e6 3. Nc3 Bb4 4. Qc2 O-O 5. a3 Bxc3+ 6. Qxc3 d5 7. e3 b6 8. Nf3 Ba6 ({RR} 8... Bb7) 9. b4 Bxc4 ({RR} 9... dxc4 10. Bxc4 Ne4 11. Qc2 Bxc4 12. Qxc4 Qd5 13. Qc2 Nd7 14. O-O Rfc8 15. Bb2 Nd6 16. Rac1 a5 17. Ne5 Nxe5 18. dxe5 Ne8 19. Rfd1 Qb5 20. Qc6) ({RR} 9... dxc4 10. Bxc4 Bxc4 {½-½ (14) Levin,F (2482)-Winants,L (2535) Netherlands 2010}) 10. Bxc4 dxc4 11. Qxc4 Qd5 12. Qxd5 Nxd5 ({RR} 12... exd5 13. a4 Nbd7 14. Ba3 Rfc8 15. Ke2 c6 16. Rhc1 b5 ({RR} 16... a5) 17. Ne5 Nxe5 18. dxe5 Nd7 19. Bb2 Nb6 20. axb5 cxb5 ({RR} 20... Nc4 21. Bd4 cxb5 22. Ra6 Rc7 23. f4) 21. Rxc8+ Rxc8 22. Bd4 Na4 23. Bxa7 Rc4 24. Bc5) 13. Bd2 Nd7 14. Ke2 c5 15. dxc5 $146 ({RR} 15. Rhc1 Rfc8 16. bxc5 bxc5 17. Rab1 N5b6 18. dxc5 Nxc5 19. Nd4 Ne4 20. Nc6 Nxd2 21. Kxd2 Kf8 {½-½ (21) Grachev,B (2652)-Bartel,M (2618) Khanty-Mansiysk 2009 CBM 134 [Marin,Mihail]}) 15... bxc5 16. Rhc1 Rfc8 17. Rc2 N5b6 18. Rac1 cxb4 19. axb4 e5 20. e4 f6 21. Be3 Kf7 22. Nd2 Rxc2 23. Rxc2 Rc8 24. Ra2 Rc7 25. Nb3 Ke8 26. Kd3 Nc8 27. f3 Rb7 28. Kc3 Rc7+ 29. Nc5 Ndb6 30. Kb3 Rc6 31. Nd3 Rd6 32. Kc3 Rd7 33. Bc5 Kd8 34. h4 Kc7 35. b5 Kb8 36. Nb4 Kb7 37. Ra1 Nd6 38. Bxd6 Rxd6 39. Nc6 Nc8 40. Na5+ Kb8 41. Nc6+ Kb7 42. Kc2 Rd7 43. Ra6 Rc7 44. Kd3 Rd7+ 45. Ke2 Ka8 46. g4 Rb7 47. Ra5 Nd6 48. b6 Nc8 49. bxa7 Rb6 50. Rc5 Nxa7 51. Nxa7 Kxa7 52. g5 Kb7 53. Kf2 h5 54. gxh6 gxh6 55. f4 Re6 56. Kf3 h5 57. Rd5 Kc7 58. Ke3 Re8 59. Kd3 Kc6 60. fxe5 fxe5 61. Kc4 Rg8 62. Rxe5 Rg4 63. Re6+ Kd7 64. Kd5 Rxh4 65. Rh6 Rg4 66. e5 Ra4 67. Rh7+ Ke8 68. Ke6 Ra6+ 69. Kf5 Rb6 70. Rxh5 Ra6 71. Rg5 Rb6 72. Rg6 Rxg6 73. Kxg6 Ke7 74. Kf5 Kf7 75. e6+ Ke7 76. Ke5 Ke8 77. Kd6 Kd8 78. e7+ Ke8 79. Ke6 1/2-1/2

[Event "FIDE Candidates 2024"]
[Site "Toronto CAN"]
[Date "2024.04.21"]
[Round "14.1"]
[White "Nakamura, Hi"]
[Black "Gukesh, D.."]
[Result "1/2-1/2"]
[WhiteElo "2789"]
[BlackElo "2743"]
[PlyCount "141"]
[EventDate "2024.04.04"]

1. d4 d5 2. c4 dxc4 3. Nf3 Nf6 4. e3 e6 5. Bxc4 Be7 6. Nc3 c5 7. a3 O-O 8. O-O a6 9. Qe2 ({RR} 9. dxc5 Bxc5 10. b4 Be7 11. Qe2 Nbd7 12. Bb2 b5 13. Bb3 Bb7 14. Rfd1 Qb6 15. e4 Rfd8 16. Rd3 Qc7 17. Re1 Nb6 18. e5 Nfd5 19. Nxd5 Bxd5 20. Bxd5 Nxd5 21. Rc1 Qb7 22. Qe4 a5 23. bxa5 Rxa5 {Hertog,A (1909)-Shepherd,T (1945) England ENG 2025 1-0 (38)}) 9... b5 10. Ba2 $146 ({RR} 10. Bd3 c4 11. Bc2 Nc6 12. b3 cxb3 13. Bxb3 Na5 14. Ba2 Bb7 15. Bb2 Rc8 16. Rac1 Nc4 17. Bxc4 Bxf3 18. Qxf3 Rxc4 19. Ne4 Nxe4 20. Qxe4 Qd5 21. Qxd5 exd5 22. Rxc4 dxc4 23. d5 Rc8 24. Rc1 a5 {Lopes Pereira,E (1837)-Reis,A (2032) Fortaleza 2014 0-1 (33)}) 10... cxd4 11. exd4 b4 12. Ne4 bxa3 13. bxa3 Bb7 14. Nc3 Nd5 15. Bd2 Nxc3 16. Bxc3 Nd7 17. Bb1 Rc8 18. Bd2 Nf6 19. Bd3 Bxf3 20. Qxf3 Qxd4 21. Rfd1 Qa4 22. Qb7 Bc5 23. Be1 a5 24. Qb5 Qxb5 25. Bxb5 Bb6 26. Rac1 Nd5 27. Kf1 Rfd8 28. a4 Kf8 29. g3 Ke7 30. Ke2 f5 31. Rc4 Rxc4 32. Bxc4 Nb4 33. Rb1 Bc5 34. Rc1 Nc6 35. Bc3 g5 36. Bb5 Ba3 37. Rc2 Nd4+ 38. Bxd4 Rxd4 39. Rc7+ Kf6 40. Rxh7 Bb4 41. Bd3 e5 42. f3 e4 43. fxe4 fxe4 44. Bb5 Be7 45. h4 gxh4 46. gxh4 Rb4 47. Rh5 Kg7 48. Bd7 Rd4 49. Be8 Bd8 50. Rf5 Bxh4 51. Rxa5 Kf6 52. Ra8 Bg5 53. Bh5 Rd2+ 54. Kf1 Ra2 55. a5 Ra1+ 56. Kg2 Ra2+ 57. Kf1 Ra1+ 58. Ke2 Ra2+ 59. Kd1 Rd2+ 60. Ke1 Rd5 61. Ke2 Bd2 62. a6 Rxh5 63. a7 Ra5 64. Rf8+ Ke5 65. a8=Q Rxa8 66. Rxa8 e3 67. Ra4 Kd5 68. Kd3 Kc5 69. Re4 Kd5 70. Rxe3 Bxe3 71. Kxe3 1/2-1/2

[Event "USA-ch"]
[Site "Saint Louis"]
[Date "2009.05.10"]
[Round "3"]
[White "Nakamura, Hikaru"]
[Black "Hess, Robert L"]
[Result "1-0"]
[WhiteElo "2701"]
[BlackElo "2485"]
[PlyCount "97"]
[EventDate "2009.05.08"]
[EventType "swiss"]
[EventRounds "9"]
[EventCountry "USA"]
[SourceTitle "CBM 130"]
[Source "ChessBase"]
[SourceDate "2009.05.20"]
[SourceVersion "1"]
[SourceVersionDate "2009.05.20"]
[SourceQuality "1"]

1. d4 Nf6 2. c4 e6 3. Nc3 Bb4 4. Nf3 c5 5. g3 cxd4 6. Nxd4 Ne4 7. Qd3 Bxc3+ 8. bxc3 Nc5 9. Qf3 O-O 10. Bg2 d6 11. O-O Bd7 ({RR} 11... Nbd7 12. e3 a6 13. Rd1 Qa5 14. Bd2 Rb8 15. Qe2 Qc7 16. f4 Nf6 17. e4 e5 18. Nf5 Re8 19. fxe5 dxe5 20. Bg5 Ncd7 21. Rd6 Re6 22. Rad1 h6 23. Bh4 b5 24. cxb5 axb5 25. R6d3 b4 26. Qd2 {Limontas,M (2274)-Mierins,E (2174) Riga LAT 2023 1-0 (39)}) 12. Rd1 ({RR} 12. Qe3 Ba4 13. Ba3 Nbd7 14. Nb5 Bxb5 15. cxb5 Qa5 16. c4 a6 17. Bb2 axb5 18. Qd4 {½-½ (18) Kacheishvili,G (2590)-Hess,R (2483) Lubbock 2009}) 12... Ba4 13. Nb3 Qc7 $146 ({RR} 13... Nxb3 14. axb3 Bxb3 15. Qxb7 Bxd1 16. Qxa8 Bxe2 17. Qe4 Bh5 18. Rxa7 Nd7 19. Ba3 Nc5 20. Bxc5 dxc5 21. h3 h6 22. Qe5 Qd1+ 23. Kh2 Be2 24. Qxc5 Qd3 25. Rc7 Qxc3 26. Qe3 Qxe3 27. fxe3 Rb8 28. c5 {Purtseladze,M (2267)-Dzagnidze,N (2429) Stockholm 2008 ½-½ (92)}) 14. Nxc5 Bxd1 15. Qxb7 Qxb7 16. Nxb7 Bxe2 17. Nxd6 Nd7 18. Bxa8 Rxa8 19. f4 Bf3 20. Be3 a6 21. Rb1 Bc6 22. Bd4 Kf8 23. c5 Rb8 24. Rb3 Bd5 25. c4 Bc6 26. Ra3 Ra8 27. g4 h6 28. h4 f6 29. Re3 Ke7 30. Kf2 Rb8 31. Kg3 Rb4 32. Bc3 Ra4 33. Nf5+ Kf7 34. Nd6+ Kg8 35. Nc8 Kf7 36. Bd4 e5 37. Nd6+ Ke6 38. a3 g5 39. fxe5 fxe5 40. h5 Kf6 41. Bb2 Ke6 42. Nf5 Rxc4 43. Rd3 Rxc5 44. Rd6+ Kf7 45. Nxh6+ Ke7 46. Nf5+ Kf7 47. h6 Nf8 48. Rd8 Nh7 49. Rc8 1-0

[Event "Bazna Kings 5th"]
[Site "Medias"]
[Date "2011.06.14"]
[Round "4"]
[White "Nakamura, Hikaru"]
[Black "Ivanchuk, Vassily"]
[Result "1/2-1/2"]
[WhiteElo "2774"]
[BlackElo "2776"]
[Annotator "Rogozenco,Dorian"]
[PlyCount "97"]
[EventDate "2011.06.11"]
[EventType "tourn"]
[EventRounds "10"]
[EventCountry "ROU"]
[EventCategory "21"]
[SourceTitle "CBM 143"]
[Source "ChessBase"]
[SourceDate "2011.07.15"]
[SourceVersion "1"]
[SourceVersionDate "2011.07.15"]
[SourceQuality "1"]

1. d4 Nf6 2. c4 e6 3. Nc3 Bb4 4. e3 Nc6 {As usual Ivanchuk finds unexpected ways to surprise his opponents. Although the move 4...c6 has been played many time before, it is much less popular than the main continuations. Black's intention is to follow up quickly with e6-e5.} 5. Bd3 e5 6. Nge2 d5 7. cxd5 Nxd5 8. e4 (8. O-O O-O 9. e4 Nb6 {is just a transposition to the same position as in the game, but Nakamura's move order makes more sense, not allowing Black to play 8...exd4.}) 8... Nb6 (8... Nxc3 9. bxc3 Bd6 10. O-O {is also slightly better for White.}) 9. d5 Ne7 10. O-O ({RR} 10. Bg5 h6 11. Bh4 a6 12. Qc2 g5 13. Bg3 Ng6 14. a3 Bd6 15. Nd1 h5 16. h3 Nf4 17. Ne3 Bd7 18. Nc3 Qf6 19. O-O-O O-O-O 20. Rhe1 g4 21. h4 Kb8 22. Kb1 Bc5 23. Rc1 Bxe3 24. fxe3 Nxd3 {Bareev,E (2650)-Rashkovsky,N (2560) Kazan 1995 ½-½ (42)}) ({RR} 10. a3 Bd6 11. Nb5 O-O 12. Be3 f5 13. f3 fxe4 14. fxe4 Ng6 15. Nxd6 cxd6 16. Ng3 Bd7 17. Nf5 Nh4 18. O-O Nxf5 19. exf5 Rc8 20. Qh5 Qf6 21. Bg5 Qf7 22. Qh4 Qxd5 23. Rad1 Bc6 24. Rd2 e4 {Estremera Panos,S (2375)-Shengelia,D (2574) Aschach 2016 0-1}) 10... O-O 11. Bg5 Kh8 $146 {A mysterious king move. As Ivanchuk explained later, he wanted to play ...f7-f6 and removed the king from the dangerous diagonal.} ({The logical} 11... a6 {in order to keep the dark-squared bishop alive has been played before, although even here White keeps a more pleasant position. For example:} 12. Ng3 h6 13. Be3 Nd7 14. Rc1 {Sherbakov,R (2510)-Kogan,A (2470)/Budapest 1994}) (11... c6 12. dxc6 bxc6 {leads to a stable plus for White thanks to his superior pawn formation.}) ({RR} 11... a6 12. Ng3 h6 13. Be3 Nd7 14. Rc1 Nf6 15. Qb3 Bd6 16. f3 Ng6 17. Rfd1 Nf4 18. Bf1 Nh7 19. Kh1 Qf6 20. Qc2 h5 21. Nf5 h4 22. Nxd6 cxd6 23. Na4 h3 24. Nb6 hxg2+ 25. Bxg2 Rb8 26. Qf2 {Shcherbakov,R (2510)-Kogan,A (2470) Budapest 1994 1-0 (41)}) 12. a3 (12. Qb3 {looks more convincing:} Bd6 ({or} 12... Bc5 13. Nb5 $1 a6 14. Rac1 Bxf2+ 15. Rxf2 axb5 16. Bxb5) 13. Nb5 h6 (13... c6 14. dxc6 bxc6 15. Nxd6 Qxd6 16. Rfd1 {is clearly better for White.}) 14. Be3 {and unlike in the game Black cannot continue 14...c6 in view of 15.xa7!. Also} f5 15. f3 f4 16. Bf2 g5 17. a4 $5 {seems to be objectively better for White} ({or} 17. Rac1)) 12... Bd6 13. Nb5 h6 ({After the immediate} 13... f6 14. Be3 c6 15. dxc6 Nxc6 16. Qb3 {Ivanchuk didn't like that he cannot play} Be6) 14. Be3 c6 15. dxc6 Nxc6 16. Nxd6 ({With the pawn on f7 the move} 16. Qb3 {obviously is met with} Be6) 16... Qxd6 17. Qc2 Rd8 18. Rad1 Be6 19. Bb5 Qe7 20. Qc3 f6 {Ivanchuk gives up a pawn and enters a four-rooks endgame, which the Ukrainian was pretty sure was a draw.} (20... Rdc8 21. Bc5 Qg5 {was a perfectly playable alternative.} 22. b4 a6 23. Be3 Qf6 {and Black is okay.}) 21. Bxc6 bxc6 22. Bxb6 axb6 23. Qxc6 Rdc8 24. Qd6 (24. Qxb6 Rab8 25. Qd6 (25. Qa5 Rxb2 26. Ng3 Ra2 $11) 25... Qxd6 26. Rxd6 Rxb2 27. Rxe6 Rxe2 {allows Black immediately to return the pawn.}) 24... Qxd6 25. Rxd6 Bc4 26. Rd2 b5 27. f3 b4 28. axb4 Bxe2 29. Rxe2 Rab8 30. b3 Rxb4 31. Rb1 h5 32. Kf2 h4 33. Rbb2 Kh7 34. Re3 Kg6 35. Rd3 Kg5 36. Ke3 g6 37. Ra2 Rcb8 38. Ra3 f5 39. exf5 gxf5 40. Kd2 Kf4 41. Kc3 R4b7 42. Ra4+ e4 43. fxe4 Rxb3+ 44. Kc4 Rxd3 45. Kxd3 Rd8+ 46. Ke2 fxe4 47. g3+ hxg3 48. hxg3+ Kxg3 49. Rxe4 1/2-1/2

[Event "American Continental 02nd"]
[Site "Buenos Aires"]
[Date "2003.08.28"]
[Round "10"]
[White "Nakamura, Hikaru"]
[Black "Ivanov, Alexander"]
[Result "1-0"]
[WhiteElo "2568"]
[BlackElo "2538"]
[PlyCount "101"]
[EventDate "2003.08.17"]
[EventType "swiss"]
[EventRounds "11"]
[EventCountry "ARG"]
[SourceTitle "CBM 097"]
[Source "ChessBase"]
[SourceDate "2003.11.11"]
[SourceVersion "1"]
[SourceVersionDate "2003.11.11"]
[SourceQuality "1"]

1. d4 Nf6 2. c4 e6 3. Nc3 Bb4 4. Qc2 c5 5. dxc5 O-O 6. a3 Bxc5 7. Nf3 Qc7 8. Bg5 Be7 9. e4 d6 10. Be2 a6 11. O-O Nbd7 12. Rfd1 ({RR} 12. Nd4 b6 13. Rac1 Bb7 14. Be3 Rfe8 15. f3 Ne5 16. Na4 Rab8 17. Qd2 Ng6 18. Kh1 Nd7 19. b4 Bf8 20. Rfd1 Rbd8 21. Nb3 Ba8 22. Qe1 Bc6 23. b5 Ba8 24. bxa6 Qa7 25. Nc3 Qxa6 26. Nb5 Rc8 {Kasparov,G (2838)-Kramnik,V (2802) Moscow 2001 1-0 (50)}) 12... b6 13. b4 $146 ({RR} 13. Rd2 Bb7 14. Rad1 Rfd8 15. Ne1 Ne5 16. b3 Rac8 17. Bf4 Ng6 18. Bg3 b5 19. Qb1 bxc4 20. bxc4 Rb8 21. Qc2 Qa5 22. a4 Ne5 23. Bxe5 dxe5 24. Rxd8+ Rxd8 25. Rxd8+ Bxd8 26. Nf3 Bb6 27. Bd3 Ng4 {Hufelschulte,N (2074)-Bolczek,M (1999) Ruhrgebiet 2001 0-1 (66)}) 13... Bb7 14. Bf4 Ng4 15. Nd2 Nge5 16. Rac1 Rac8 17. Be3 Rfe8 18. Qb1 Qb8 19. Na4 Ba8 20. f4 Ng6 21. Nb3 Qb7 22. Nd2 Bd8 23. Qd3 Bc7 24. g3 Nf6 25. Bf3 Qb8 26. Bf2 Red8 27. Qe2 Nd7 28. Nc3 Bb7 29. h4 h6 30. h5 Ngf8 31. Nb3 Nh7 32. Rd3 Ndf6 33. Rcd1 Re8 34. c5 bxc5 35. bxc5 d5 36. exd5 Nxd5 37. Nxd5 exd5 38. Re3 Nf6 39. Nd4 Qa8 40. Qb2 Rxe3 41. Bxe3 Bc6 42. Nf5 Bd8 43. Bd4 Qa7 44. Re1 Kh7 45. Qc2 Kg8 46. Qc3 Kh7 47. Nd6 Rc7 48. Kh2 Qa8 49. Be5 d4 50. Qd3+ Kg8 51. Bxf6 1-0

[Event "Khanty-Mansiysk FIDE GP"]
[Site "Khanty-Mansiysk"]
[Date "2015.05.26"]
[Round "11"]
[White "Nakamura, Hikaru"]
[Black "Jakovenko, Dmitrij"]
[Result "1/2-1/2"]
[WhiteElo "2799"]
[BlackElo "2738"]
[Annotator "ChessBase II"]
[PlyCount "75"]
[EventDate "2015.05.14"]
[EventType "tourn"]
[EventRounds "11"]
[EventCountry "RUS"]
[EventCategory "21"]
[SourceTitle "CBM 167"]
[Source "ChessBase"]
[SourceDate "2015.07.13"]
[SourceVersion "1"]
[SourceVersionDate "2015.07.13"]
[SourceQuality "1"]
[TimeControl "40/7200:20/3600:900+30"]

1. d4 {[%emt 0:00:03] Everyone's focus was clearly on this game. Jakovenko needed to win to guarantee his spot on the Candidates, while a draw required a series of highly unlikely and borderline miraculous results for him to qualify. Nakamura came into the game with a very sound and clear strategy: play solid, trade everything, draw. This is basically what happened in the game as Jakovenko simply could not create enough complications.} Nf6 {[%emt 0:00:05]} 2. c4 {[%emt 0:00:05]} e6 {[%emt 0:00:04]} 3. Nc3 {[%emt 0:00:05]} Bb4 {[%emt 0:00:06]} 4. Qc2 {[%emt 0:00:04]} d6 {[%emt 0:03:18]} 5. a3 {[%emt 0:00:39]} Bxc3+ {[%emt 0:00:06]} 6. Qxc3 {[%emt 0:00:04]} O-O {[%emt 0:00:54]} 7. Bg5 {[%emt 0:02:06]} Nbd7 {[%emt 0:01:21]} 8. e3 {[%emt 0:00:50]} b6 {[%emt 0:04:46]} 9. Ne2 {[%emt 0:01:17]} Ba6 {[%emt 0:05:16]} ({RR} 9... Bb7 10. Qc2 c5 11. Rd1 Qc7 12. Nc3 a6 13. Bd3 h6 14. Bxf6 Nxf6 15. O-O Rac8 16. d5 exd5 17. cxd5 b5 18. Bf5 Rce8 19. Rd2 Re5 20. e4 g6 21. f4 Ree8 22. e5 dxe5 23. fxe5 Qxe5 24. Bxg6 {Korchynskyi,M (2263)-Zhigalko,S (2572) chess.com INT 2024 0-1 (31)}) ({RR} 9... Bb7 10. Qd3 Be4 11. Qd2 Bg6 12. Nc3 e5 13. Be2 Re8 14. O-O h6 15. Bh4 Ne4 16. Bxd8 Nxd2 17. Bxc7 exd4 18. exd4 Rxe2 19. Nxe2 Nxf1 20. Kxf1 Rc8 21. Bxd6 Rxc4 22. Rc1 Rxc1+ 23. Nxc1 f6 24. Na2 {Nakamura,H (2601)-Benjamin,J (2566) New York 2004 ½-½ (71)}) 10. Rd1 {[%emt 0:04:32]} ({RR} 10. Qc2 c5 11. Rd1 h6 12. Bh4 Rc8 13. Qa4 Bb7 14. Nc3 cxd4 15. Rxd4 Nc5 16. Qd1 Qe7 17. b4 Ncd7 18. Nb5 d5 19. cxd5 Bxd5 20. Nxa7 Ra8 21. Nb5 Ne5 22. e4 Bc6 23. Bg3 Nfd7 24. Be2 f5 {Gelfand,B (2736)-Kramnik,V (2785) Moscow 2007 ½-½ (38)}) 10... h6 $146 {[%emt 0:06:45]} (10... Rc8 11. Qc2 c5 12. Qa4 Bb7 13. Nc3 a6 14. Be2 Bxg2 15. Rg1 Bc6 16. Qc2 Kh8 17. d5 exd5 18. cxd5 Bb7 19. Bg4 Rc7 20. Bxd7 Qxd7 21. Bxf6 gxf6 22. Ne4 Qf5 23. Qc3 Rg8 24. Rxg8+ Kxg8 25. Nxf6+ Kf8 26. e4 Qf4 27. Rd3 Ke7 28. Rf3 Qxh2 29. Ke2 Qh4 30. e5 Rc8 31. Rf5 Re8 32. exd6+ Kd8+ 33. Nxe8 Qe4+ 34. Qe3 Qc2+ 35. Kf1 Qd1+ 36. Qe1 Qxe1+ 37. Kxe1 Kxe8 38. d7+ Kd8 39. Rxf7 Bxd5 40. Rf6 {Jojua,D (2579)-Sanal,V (2460) Jerusalem 2015 1-0}) ({RR} 10... Qe7 11. Qc2 h6 12. Bh4 Bb7 13. Nc3 g5 14. Bg3 Nh5 15. f3 e5 16. Bf2 f5 17. Be2 Ng7 18. dxe5 Qxe5 19. Nd5 c6 20. f4 Qe4 21. Qxe4 fxe4 22. Nc3 gxf4 23. exf4 Nf6 24. g4 d5 25. cxd5 {Grigore,G (2476)-Grecescu,G (2396) Mamaia 2012 1-0 (40)}) ({RR} 10... Rc8 11. Qc2 c5 12. Qa4 Bb7 13. Nc3 a6 14. Be2 Bxg2 15. Rg1 Bc6 16. Qc2 Kh8 17. d5 exd5 18. cxd5 Bb7 19. Bg4 Rc7 20. Bxd7 Qxd7 21. Bxf6 gxf6 22. Ne4 Qf5 23. Qc3 Rg8 24. Rxg8+ Kxg8 25. Nxf6+ {Jojua,D (2579)-Sanal,V (2460) Jerusalem 2015 1-0 (41)}) 11. Bxf6 {[%emt 0:06:06]} Nxf6 {[%emt 0:03:10]} 12. Ng3 {[%emt 0:00:06]} c5 {[%emt 0:03:53]} 13. Be2 {[%emt 0:01:53]} Qc7 {[%emt 0:03:52]} 14. O-O {[%emt 0:00:55]} Rac8 {[%emt 0:00:31]} 15. Rc1 {[%emt 0:13:35]} cxd4 {[%emt 0:08:17]} 16. Qxd4 {[%emt 0:00:26]} Rfd8 {[%emt 0:00:21]} 17. Qd2 {[%emt 0:00:22]} Qb8 {[%emt 0:02:15]} 18. Rfd1 {[%emt 0:01:24]} d5 {[%emt 0:05:19]} 19. cxd5 {[%emt 0:00:42]} Rxd5 {[%emt 0:02:18]} 20. Qe1 {[%emt 0:00:05]} Rxc1 {[%emt 0:11:06]} 21. Rxc1 {[%emt 0:00:08]} Bxe2 {[%emt 0:00:07]} 22. Qxe2 {[%emt 0:03:53]} Qd8 {[%emt 0:04:42]} 23. h3 {[%emt 0:04:15]} Rd3 {[%emt 0:05:35]} 24. Nh5 {[%emt 0:05:17]} Nxh5 {[%emt 0:02:50]} 25. Qxh5 {[%emt 0:00:18]} Rd2 {[%emt 0:00:15]} 26. Qe5 {[%emt 0:03:46]} Rxf2 {[%emt 0:16:08]} 27. Kxf2 {[%emt 0:00:14]} Qd2+ {[%emt 0:00:04]} 28. Kf3 {[%emt 0:00:02]} Qxc1 {[%emt 0:00:05]} 29. Qb8+ {[%emt 0:00:02]} Kh7 {[%emt 0:00:07]} 30. Qxa7 {[%emt 0:00:01]} Qf1+ {[%emt 0:08:14]} 31. Kg3 {[%emt 0:00:23]} Qe1+ {[%emt 0:00:35]} 32. Kh2 {[%emt 0:00:54]} Qxe3 {[%emt 0:01:31]} 33. Qxf7 {[%emt 0:00:05]} b5 {[%emt 0:00:34]} 34. Qd7 {[%emt 0:03:50]} Qf4+ {[%emt 0:02:06]} 35. Kg1 {[%emt 0:00:09]} Qc1+ {[%emt 0:00:07]} 36. Kh2 {[%emt 0:00:05]} Qf4+ {[%emt 0:00:03]} 37. Kg1 {[%emt 0:00:06]} Qc4 {[%emt 0:00:10]} 38. Qd1 {[%emt 0:03:14]} 1/2-1/2

[Event "Norway Chess 5th"]
[Site "Stavanger"]
[Date "2017.06.12"]
[Round "6"]
[White "Nakamura, Hikaru"]
[Black "Karjakin, Sergey"]
[Result "1/2-1/2"]
[WhiteElo "2785"]
[BlackElo "2781"]
[PlyCount "107"]
[EventDate "2017.06.06"]
[EventType "tourn"]
[EventRounds "9"]
[EventCountry "NOR"]
[EventCategory "22"]
[SourceTitle "CBM 179"]
[Source "ChessBase"]
[SourceDate "2017.07.12"]
[SourceVersion "1"]
[SourceVersionDate "2017.07.12"]
[SourceQuality "1"]

1. d4 Nf6 2. c4 e6 3. Nc3 Bb4 4. Qc2 d5 5. cxd5 Qxd5 6. e3 c5 7. Bd2 Bxc3 8. Bxc3 cxd4 9. Bxd4 Nc6 10. Bc3 O-O 11. Nf3 Rd8 12. Be2 Qe4 13. Rc1 Qxc2 14. Rxc2 Ne4 15. Ne5 Bd7 16. Nxc6 Bxc6 17. Ba5 ({RR} 17. Bb4 f5 18. f3 Nf6 19. Kf2 Kf7 20. Rhc1 g5 21. Bc5 g4 22. Bd4 gxf3 23. Bxf3 Ne4+ 24. Bxe4 fxe4 25. Kg1 Rd5 26. Rf2+ Rf5 27. Rcf1 Kg6 28. Rf4 h5 29. g4 Rxf4 30. Rxf4 Bd5 31. a3 a6 {Nakamura,H (2736)-Le,Q (2709) chess24.com INT 2021 ½-½ (59)}) 17... Rdc8 $146 ({RR} 17... Rd5 18. Bc7 Rc8 19. Bg3 Nxg3 20. hxg3 Rcd8 21. Bf3 R5d7 22. O-O Bxf3 23. gxf3 Kf8 24. Rfc1 Ke7 25. f4 Kf6 26. Kg2 h6 27. Kf3 Rd3 28. Rc7 R8d7 29. R1c2 g6 30. b3 Ke7 31. Ke4 R3d5 {½-½ (31) Raja,R (2357)-Samant,A (2296) Tiruchengode 2019}) 18. f3 Nf6 19. Kf2 Bd5 20. Rxc8+ Rxc8 21. b3 Rc2 22. Ra1 e5 23. e4 Be6 24. Rd1 Nd7 25. Rd2 Rxd2 26. Bxd2 f6 27. Bb4 Nb8 28. Bd6 Nc6 29. Ke3 Kf7 30. h4 Ke8 31. g3 Kd7 32. Bf8 g6 33. g4 h5 34. gxh5 gxh5 35. f4 Bf7 36. Bb5 a6 37. Bf1 Ke8 38. Bc5 Kd7 39. f5 Ne7 40. Be2 Nc8 41. Bf8 Nd6 42. Kd3 a5 43. Bd1 b6 44. a3 Be8 45. b4 axb4 46. axb4 Bf7 47. Bxd6 Kxd6 48. Kc3 b5 49. Bb3 Bxb3 50. Kxb3 Kc6 51. Kc3 Kd6 52. Kb3 Kc6 53. Kc3 Kd6 54. Kb3 1/2-1/2